000 00910nam a2200265Ia 4500
003 OSt
005 20221005111101.0
006 a|||||r|||| 00| 0
007 ta
008 221004b |||||||| |||| 00| 0 hin d
020 _a9788171193455 (hbk)
_c400
024 _a16917
037 _bSP/3820, 25/03/2015, Star Publications Pvt. Ltd.
_cTextual
040 _aCRL
_cCRL
_bhin
041 _2hin
_ahin
082 _aO152,2:g, M9(Q4)
100 _aबच्चन सिंह
245 0 _aहिन्दी नाटक
246 _aHindī nāṭaka
260 _aनई दिल्ली
_bराधाकृष्ण भारत
_c2014
300 _a213पृ0
_ccm.
650 _aहिन्दी साहित्य
942 _hO152,2:g, M9(Q4)
_cTEXL
_2cc
999 _c1020761
_d1020761